Statistics for SAT Words HARD Click Quiz - B #2

Click here to take the quiz!

General Stats

  • This quiz has been taken 145 times
  • The average score is 9 of 15

Answer Stats

HintAnswer% Correct
Plump, curvaceous, voluptuousBuxom
85%
Strong regional accent, especially IrishBrogue
79%
Indifferent to or bored with pleasureBlasé
78%
Slightly salty; unpleasant to the tasteBrackish
78%
Source of persistent annoyanceBugbear
78%
Humorous and lewd; off-colourBawdy
74%
Blunt or curt in mannerBrusque
74%
Good-natured friendlinessBonhomie
73%
Warmongering, aggressiveBellicose
68%
Cheat, defraudBilk
68%
Fond of or addicted to alcoholBibulous
55%
Relating to mundane, plebeian workBanausic
35%
Dress up gaudily or excessivelyBedizen
32%
Old hagBeldam
22%
Cheap and showy; tawdryBrummagem
18%

Score Distribution

Percentile by Number Answered

Percent of People with Each Score

Your Score History

You have not taken this quiz